Markets (Record no. 82291)

MARC details
000 -LEADER
fixed length control field 01100cam a22002055a 4500
001 - CONTROL NUMBER
control field L149834
008 - FIXED-LENGTH DATA ELEMENTS--GENERAL INFORMATION
fixed length control field 100504e2010 xxk 000 0 eng d
035 ## - SYSTEM CONTROL NUMBER
System control number (Sirsi) u149834
041 0# - LANGUAGE CODE
Language code of text/sound track or separate title eng
100 1# - MAIN ENTRY--PERSONAL NAME
Personal name Eade, Christine
245 00 - TITLE STATEMENT
Title Markets
Remainder of title Ireland
260 ## - PUBLICATION, DISTRIBUTION, ETC.
Date of publication, distribution, etc. 2010
490 #0 - SERIES STATEMENT
Series statement Property Week
Volume/sequential designation 76(12) 26 March 2010, 43-48(5)
520 ## - SUMMARY, ETC.
Summary, etc. Euros £17bn of property loans by Irish banks to Ireland's top 10 developers are to be deposited in the National Asset Management Agency. F& C Reit completes biggest Dublin investment transaction in a decade by purchasing Liffey Valley, a 475 000 sq ft shopping centre to the west of Dublin for Euros 350m. The new clause in the Land and Conveyancing Law Reform Act that bans upward-only rent reviews has been passed but not yet enacted and hot debate continues. Dublin's prime office rents have fallen from Euros 60/sq ft to Euros 35/ sq ft in the last 18 months.
590 ## - LOCAL NOTE (RLIN)
Local note KA
651 #4 - SUBJECT ADDED ENTRY--GEOGRAPHIC NAME
Geographic name Ireland (Republic of)
Chronological subdivision
651 #4 - SUBJECT ADDED ENTRY--GEOGRAPHIC NAME
Geographic name Northern Ireland
Chronological subdivision 2007-
690 ## - LOCAL SUBJECT ADDED ENTRY--TOPICAL TERM (OCLC, RLIN)
Topical term or geographic name as entry element PROPERTY-COMMERCIAL PROPERTY-COMMERCIAL PROPERTY MARKET
942 ## - ADDED ENTRY ELEMENTS (KOHA)
Suppress in OPAC 0
Holdings
Withdrawn status Lost status Source of classification or shelving scheme Damaged status Not for loan Home library Current library Shelving location Date acquired Total Checkouts Full call number Barcode Date last seen Copy number Price effective from Koha item type
    Dewey Decimal Classification     London London Journal article 04/05/2010   L149834 149834-1001 06/08/2019 1 06/08/2019 Journal article